Prírodovedec Oto Herman

Bibliographic Details
Main Author: Urban, Peter, 1962- (Author)
Format: Article
Language:Slovak
ISSN:0044-4863
Subjects:

MARC

LEADER 00000nab a2200000 a 4500
001 vtls000763650
003 SK-MaSNL
005 20260304104621.0
008 250429c2001 xo 0 slo
015 |a SNBRB2001/07-21229 
035 |a CLN000115437 
035 |a urn:nbn:sk:snk-abbuen 
035 |a (urnnbn)urn:nbn:sk:snk:ar-006el3 
035 |a (uuid)797e38cb-066b-4785-b9c2-a31cf613b42f 
040 |a SNKBUCL  |b slo  |c SNKBUCL  |e AACR2 
041 0 |a slo 
044 |a xo  |c SK 
080 |a 5-051  |2 1997 
080 |a 598.2-051  |2 1997 
080 |a 929 Herman, Oto  |2 1997 
100 1 |a Urban, Peter,  |d 1962-  |4 aut  |9 85872 
245 1 0 |a Prírodovedec Oto Herman  |c Peter Urban 
600 1 7 |a Herman, Oto,  |d 1835-1914  |2 snkbucl  |9 12615 
648 7 |a 2000  |2 snkbucl  |9 295137 
650 0 7 |a semináre  |2 snkbucl  |9 18562 
655 7 |a články z novín a časopisov  |2 snkbucl  |9 267496 
773 0 |t Životné prostredie  |g Roč. 35, č. 1 (2001), s. 52  |x 0044-4863 
850 |a Slovenská národná knižnica 
852 |a Slovenská národná knižnica 
954 |a odborná, vedecká literatúra pôvodná (slovenská)  |2 lita 
958 |a article15 
958 |a SK 
958 |a HU 
958 |a BX 
958 |a OND 
958 |a EUIPO 
992 |a RBX 
999 |c 2852247  |d 2854177